Margot : (Registro nro. 30261)

Detalles MARC
000 -LEADER
fixed length control field 01190nam a22002657a 4500
003 - CONTROL NUMBER IDENTIFIER
control field OSt
005 - DATE AND TIME OF LATEST TRANSACTION
control field 20250611160712.0
008 - FIXED-LENGTH DATA ELEMENTS--GENERAL INFORMATION
fixed length control field 230919t2001 ck a cr 000 j spa d
020 ## - INTERNATIONAL STANDARD BOOK NUMBER
International Standard Book Number 9789584533135
037 ## - SOURCE OF ACQUISITION
Materials specified Donación
040 ## - CATALOGING SOURCE
Transcribing agency CO-JMCR
Original cataloging agency CO-JMCR
Modifying agency CO-JMCR
Description conventions rda
Language of cataloging spa
041 0# - LANGUAGE CODE
Language code of text/sound track or separate title spa
082 04 - DEWEY DECIMAL CLASSIFICATION NUMBER
Classification number J-N
Item number MALm
100 10 - MAIN ENTRY--PERSONAL NAME
Personal name Malpica, Toño,
Relator term autor
9 (RLIN) 42921
Dates associated with a name 1967-
Fuller form of name Malpica Maury, Antonio,
245 10 - TITLE STATEMENT
Title Margot :
Remainder of title La pequeña, pequeña historia de una casa en Alfa Centauri /
Statement of responsibility, etc. Toño Malpica
260 ## - PUBLICATION, DISTRIBUTION, ETC.
Place of publication, distribution, etc. Bogotá :
Name of publisher, distributor, etc. Grupo editorial Norma ,
Date of publication, distribution, etc. ©2011
300 ## - PHYSICAL DESCRIPTION
Extent 180 páginas ;
Dimensions 20 cm.
490 ## - SERIES STATEMENT
Series statement Torre de papel
520 3# - SUMMARY, ETC.
Summary, etc. Margot tiene un muñeco favorito, le encanta ver películas y comer palomitas de maíz, y debe avisarle a su padre Alfredo cada vez que sale.<br/>Pero también tiene que hacer cosas que a muchas niñas de su edad no sulen hacer y, como si fuera poco, ahora debe cumplir ciertas misiones de importancia insospechada para la humanidad
650 14 - SUBJECT ADDED ENTRY--TOPICAL TERM
Source of heading or term JMCR
Topical term or geographic name entry element Novela infantil
9 (RLIN) 1227
650 24 - SUBJECT ADDED ENTRY--TOPICAL TERM
Source of heading or term JMCR
Topical term or geographic name entry element Literatura infantil
650 34 - SUBJECT ADDED ENTRY--TOPICAL TERM
Source of heading or term JMCR
Topical term or geographic name entry element Literatura latinoamericana
9 (RLIN) 10440
700 ## - ADDED ENTRY--PERSONAL NAME
Personal name Uribe, Luisa,
Relator term Ilustradora
9 (RLIN) 43556
942 ## - ADDED ENTRY ELEMENTS (KOHA)
Source of classification or shelving scheme Dewey Decimal Classification
Koha item type Books
Existencias
Withdrawn status Lost status Source of classification or shelving scheme Damaged status Not for loan Collection code Home library Current library Shelving location Date acquired Source of acquisition Total Checkouts Full call number Barcode Date last seen Date last checked out Copy number Price effective from Koha item type
    Dewey Decimal Classification     Fiction Biblioteca Pública José María del Castillo y Rada Biblioteca Pública José María del Castillo y Rada Children's Area 02/23/2022 Donación 3 J-N MALm 201811752 04/08/2025 04/07/2025 Ej.1 09/19/2023 Books